The Voice (France) - les vainqueurs - Statistiques

Statistiques générales
  • Ce quiz a été pris 23 fois
  • Le résultat moyen est 5 sur 14
Statistiques - réponses
Année Coach Vainqueur % Correct
2014 Mika Kendji Girac
82%
2016 Florent Pagny Slimane
68%
2025 Florent Pagny Il Cello
36%
2012 Florent Pagny Stephan Rizon
36%
2024 Zazie Alphonse
32%
2015 Zazie Lilian Renaud
32%
2017 Matt Pokora Lisandro Cuxi
32%
2018 Zazie Maelle Pistoia
32%
2022 Florent Pagny Nour Brousse
27%
2013 Garou Yoann Fréget
27%
2023 Zazie Aurélien Vivos
23%
2020 Pascal Obispo Abi Bernadoth
14%
2021 Florent Pagny Marghe Davico
14%
2019 Mika Whitney Marin
14%
Aucun quiz correspondant
Distribution des résultats
% des personnes avec chaque résultat
Percentile par nombre de réponses
Votre historique - résultats
Vous n’avez pas pris ce quiz